Monopoly and competition and their regulation (Record no. 45546)
[ view plain ]
| 000 -LEADER | |
|---|---|
| fixed length control field | 01374nam a2200325 a 4500 |
| 001 - CONTROL NUMBER | |
| control field | 45546 |
| 003 - CONTROL NUMBER IDENTIFIER | |
| rucl marc code | BD-RjUL |
| 005 - DATE AND TIME OF LATEST TRANSACTION | |
| control field | 20211209054030.0 |
| 008 - FIXED-LENGTH DATA ELEMENTS--GENERAL INFORMATION | |
| fixed length control field | 270716s1954 enka ab 100 0 eng d |
| 035 ## - SYSTEM CONTROL NUMBER | |
| System control number | (OCoLC)ocn744451809 |
| System control number | (OCoLC)744451809 |
| System control number | BD-RjUL)45664 |
| 040 ## - CATALOGING SOURCE | |
| Original cataloging agency | ZCU |
| Transcribing agency | ZCU |
| Modifying agency | BD-RjUL |
| Language of cataloging | eng |
| 041 ## - LANGUAGE CODE | |
| Language code of text/sound track or separate title | eng |
| 082 ## - DEWEY DECIMAL CLASSIFICATION NUMBER | |
| Classification number | 338.82 |
| Author mark and year | MON 1954 |
| 110 2# - MAIN ENTRY--CORPORATE NAME | |
| Corporate name or jurisdiction name as entry element | International Economic Association. |
| 9 (RLIN) | 130641 |
| 245 10 - TITLE STATEMENT | |
| Title | Monopoly and competition and their regulation |
| Remainder of title | Papers and proceedings of a conference held by the International Economic Association / |
| Statement of responsibility, etc. | edited by Edward H. Chamberlin. |
| 260 ## - PUBLICATION, DISTRIBUTION, ETC. (IMPRINT) | |
| Place of publication, distribution, etc. | London : |
| Name of publisher, distributor, etc. | Macmillan ; |
| Place of publication, distribution, etc. | New York : |
| Name of publisher, distributor, etc. | St. Martin's Press, |
| Date of publication, distribution, etc. | 1954. |
| 300 ## - PHYSICAL DESCRIPTION | |
| Pagination | xvi, 548, [1] p. : |
| Illustrations | ill. ; |
| Size | 22 cm. |
| 504 ## - BIBLIOGRAPHY, ETC. NOTE | |
| Bibliography, etc | Includes bibliographical references. |
| 650 #0 - SUBJECT ADDED ENTRY--TOPICAL TERM | |
| Topical term or geographic name as entry element | Government ownership |
| General subdivision | Economic aspects. |
| 9 (RLIN) | 139418 |
| Topical term or geographic name as entry element | Trusts, Industrial |
| General subdivision | Regulation. |
| 9 (RLIN) | 139419 |
| Topical term or geographic name as entry element | Competition |
| General subdivision | Regulation. |
| 9 (RLIN) | 139420 |
| Topical term or geographic name as entry element | Monopolies. |
| 9 (RLIN) | 139421 |
| Topical term or geographic name as entry element | Competition, International |
| Form subdivision | Congresses. |
| 9 (RLIN) | 139422 |
| 700 1# - ADDED ENTRY--PERSONAL NAME | |
| Personal name | Chamberlin, Edward, |
| Dates associated with a name | 1899-1967, |
| Relator term | editor. |
| 776 08 - ADDITIONAL PHYSICAL FORM ENTRY | |
| Main entry heading | International Economic Association. |
| Title | Monopoly and competition and their regulation. |
| Place, publisher, and date of publication | London : Macmillan ; New York : St. Martin's Press, 1954 |
| Record control number | (DLC) 54003242 |
| -- | (OCoLC)813335 |
| 942 ## - ADDED ENTRY ELEMENTS (KOHA) | |
| Source of classification or shelving scheme | Dewey Decimal Classification |
| Koha item type | Books |
| Lost status | Source of classification or shelving scheme | Damaged status | Not for loan | Collection code | Permanent Location | Current Location | Shelving location | Date acquired | Source of acquisition | Cost, normal purchase price | Total Checkouts | Full call number | Date last seen | Copy number | Koha item type |
|---|---|---|---|---|---|---|---|---|---|---|---|---|---|---|---|
| Dewey Decimal Classification | Non-fiction | Central Library, University of Rajshahi | Central Library, University of Rajshahi | 01/06/1955 | Mullick | 20.04 | 338.82 MON 1954 | 27/07/2016 | C-2 | Books | |||||
| Dewey Decimal Classification | Not For Loan | Non-fiction | Central Library, University of Rajshahi | Central Library, University of Rajshahi | Reading Room | 15/02/1955 | Dacca : Mullick Brothers | 22.80 | 338.82 MON 1954 | 22/12/2016 | C-1 | Books |